| 000 | 00840cab a2200289 4500 | ||
|---|---|---|---|
| 001 | X93075 | ||
| 008 | 090401t1998 xxu||||| |||| 00| 0 eng d | ||
| 035 | _a(Sirsi) u87625 | ||
| 041 | _aeng | ||
| 245 | _aR v Wiltshire CC ex p Nettlecome Ltd and Pelham | ||
| 260 | _c1998 | ||
| 350 | _a0 | ||
| 490 |
_aJournal of Planning and Environment Law _v[1998] JPL 707-714(8) |
||
| 520 | _aQBD 24 November 1997. Modification Order - byway open to all traffic - evidence of actual use - jurisdiction of the court to quash. | ||
| 650 | _aBYWAY | ||
| 650 | _aEQUESTRIANS | ||
| 650 | _aEVIDENCE | ||
| 650 | _aINJUNCTION | ||
| 650 | _aMODIFICATION ORDER | ||
| 650 | _aPEDESTRIANS | ||
| 650 | _aPUBLIC USE | ||
| 650 | _aTRAFFIC | ||
| 650 | _aUSE | ||
| 690 | _aPLANNING LAW AND PRACTICE-CASE LAW | ||
| 942 | _n0 | ||
| 948 | _c23/07/1998 | ||
| 999 |
_c55281 _d55281 |
||